000 00927nmm a2200241 a 4500
001 ocm000700815
003 TR-IsHL
005 20201028133428.0
008 131121s1996 tu tur
007 cr cn
035 _a700815
_b(N$T)
050 0 4 _aHD9523.6
_b.T87 1996
090 0 4 _aHD9523.6
_b.T87 1996
245 1 0 _aTürkiye - Avrupa Kömür Çelik Topluluğu Anlaşması'nın esasları
_h[electronic resource]
260 _aİstanbul :
_bİstanbul Ticaret Odası,
_c1996
300 _a90 p.
650 4 _aEkonomi ve Finans
650 4 _aEconomics and Finance
650 0 _aAvrupa Birliği ülkeleri
_x Dış ekonomik ilişkiler
_x Türkiye
650 0 _aEuropean Union Countries
_x Foreign economic relations
_x Turkey
650 7 _aPOLITICAL SCIENCE / International Relations / Trade & Tariffs
_2bisacsh
856 4 0 _uhttp://search.ebscohost.com/login.aspx?direct=true&scope=site&db=e011xww&AN=700815
999 _c5636
_d5636